[Event "Lvov Vasylyshyn Memorial-A 18th"]
[Site "Lvov"]
[Date "2021.12.08"]
[Round "5"]
[White "Neverov, Valeriy"]
[Black "Lutsko, Artem"]
[Result "1/2-1/2"]
[WhiteElo "2451"]
[BlackElo "2409"]
[PlyCount "43"]
[EventDate "2021.12.04"]
[EventType "tourn"]
[EventRounds "9"]
[EventCountry "UKR"]
[EventCategory "6"]
[SourceTitle "CBM 205 Extra"]
[Source "ChessBase"]
[SourceDate "2022.01.31"]
[SourceVersion "1"]
[SourceVersionDate "2022.01.31"]
[SourceQuality "1"]

1. c4 Nf6 2. Nc3 g6 3. d4 Bg7 4. e4 d6 5. f3 0-0 6. Nge2 a6 7. Be3 Nbd7 8. Qd2 b5 9. cxb5 axb5 10. Nxb5 c6 11. Na3 e5 12. Nc3 d5 13. exd5 Nxd5 14. Nxd5 cxd5 15. Nc2 Re8 16. Kf2 Nb6 17. dxe5 Bxe5 18. Bd4 Bf5 19. Bxe5 Rxe5 20. Qd4 Bxc2 21. Qxe5 d4 22. Bb5 1/2-1/2

[Event "EU-ch Hybrid U16"]
[Site "Tornelo INT"]
[Date "2021.10.15"]
[Round "4"]
[White "Qalichava, Akaki"]
[Black "Lutsko, Artem"]
[Result "0-1"]
[WhiteElo "2014"]
[BlackElo "2418"]
[PlyCount "114"]
[EventDate "2021.10.15"]
[EventType "swiss"]
[EventRounds "9"]
[EventCountry "NET"]
[SourceTitle "EXT 2023"]
[Source "ChessBase"]
[SourceDate "2022.10.05"]
[SourceVersion "1"]
[SourceVersionDate "2022.10.05"]
[SourceQuality "1"]
[WhiteTeam "Georgia"]
[BlackTeam "Ukraine"]
[WhiteTeamCountry "GEO"]
[BlackTeamCountry "UKR"]

1. e4 g6 2. d4 Bg7 3. Nc3 d6 4. f4 Nf6 5. Nf3 0-0 6. Bd3 Nc6 7. e5 dxe5 8. dxe5 Nd5 9. Bd2 Nb6 10. Qe2 Nb4 11. Be4 f5 12. exf6 exf6 13. a3 f5 14. axb4 fxe4 15. Ng5 e3 16. Bxe3 Re8 17. Kf2 Bf5 18. Rad1 Qe7 19. Bc5 Qxe2+ 20. Nxe2 Bxc2 21. Rd2 Bf5 22. b3 h6 23. Nf3 Nd7 24. Bd4 Bf8 25. Bc3 a5 26. g4 Bxg4 27. Rg1 Be6 28. Rxg6+ Kf7 29. Rxe6 Kxe6 30. f5+ Ke7 31. Nf4 Kd8 32. Ne5 Bd6 33. Nf7+ Kc8 34. Nxd6+ cxd6 35. Ne6 axb4 36. Bxb4 Nc5 37. Bxc5 dxc5 38. Rc2 b6 39. b4 Kd7 40. bxc5 bxc5 41. Nxc5+ Kd6 42. Ne6 Rec8 43. Re2 Ra5 44. Ng7 Re5 45. Rd2+ Ke7 46. Kf3 Kf6 47. Rd7 Ra5 48. Nh5+ Kxf5 49. Ng3+ Kg6 50. Rd6+ Kh7 51. Rd7+ Kh8 52. Ne4 Rf8+ 53. Kg4 h5+ 54. Kh3 Rf4 55. Ng3 h4 56. Ne2 Ra3+ 57. Kg2 h3+ 0-1

[Event "Kiev Independence Cup GM"]
[Site "Kiev"]
[Date "2021.09.05"]
[Round "3"]
[White "Vysochin, Spartak"]
[Black "Lutsko, Artem"]
[Result "1-0"]
[WhiteElo "2494"]
[BlackElo "2240"]
[PlyCount "128"]
[EventDate "2021.09.03"]
[EventType "tourn"]
[EventRounds "10"]
[EventCountry "UKR"]
[EventCategory "7"]
[SourceTitle "CBM 204 Extra"]
[Source "ChessBase"]
[SourceDate "2021.11.30"]
[SourceVersion "1"]
[SourceVersionDate "2021.11.30"]
[SourceQuality "1"]

1. e4 e5 2. Nf3 Nc6 3. Bb5 a6 4. Ba4 d6 5. 0-0 Bd7 6. c3 g6 7. d4 Bg7 8. Re1 Nf6 9. Nbd2 0-0 10. Nf1 b5 11. Bc2 exd4 12. cxd4 Bg4 13. Be3 Nd7 14. Bb3 Bxf3 15. gxf3 Na5 16. f4 c5 17. Bd5 Rc8 18. dxc5 dxc5 19. e5 Nb6 20. Bg2 Nbc4 21. Bc1 Qe7 22. b3 Nb6 23. Be3 Nc6 24. Rc1 Rfd8 25. Qg4 Nd4 26. Ng3 Rc7 27. f5 gxf5 28. Nxf5 Nxf5 29. Qxf5 Qxe5 30. Qxe5 Bxe5 31. Bxc5 Bd4 32. Bxd4 Rxc1 33. Rxc1 Rxd4 34. Rc6 Rd1+ 35. Bf1 Nd5 36. Rxa6 Nc3 37. Kg2 Rd2 38. a3 Rb2 39. b4 Ra2 40. Kf3 Kg7 41. Bd3 Ra1 42. Ra5 Ra2 43. h4 h6 44. h5 Kf6 45. Ke3 Nd5+ 46. Kd4 Nc7 47. Ra7 Ne6+ 48. Ke3 Ng7 49. f4 Nf5+ 50. Ke4 Ke6 51. Ra6+ Nd6+ 52. Kd4 Rd2 53. Ke3 Rh2 54. Bxb5 Rxh5 55. Bd3 Kd7 56. a4 Kc7 57. b5 Rh3+ 58. Kd4 Rf3 59. a5 f6 60. Ra7+ Kb8 61. Rd7 Nc8 62. Be4 Rxf4 63. Ke3 Rf1 64. b6 Nxb6 1-0